Obras completas (y otros cuentos) / (Record no. 147035)

MARC details
000 -CABECERA
campo de control de longitud fija 00924nam a2200277 u 4500
005 - FECHA Y HORA DE LA ÚLTIMA TRANSACCIÓN
campo de control 20240806063957.0
008 - ELEMENTOS DE LONGITUD FIJA--INFORMACIÓN GENERAL
campo de control de longitud fija 100225m20022008mx r 000 0 spa d
020 ## - NÚMERO INTERNACIONAL NORMALIZADO PARA LIBROS
Número Internacional Estándar del Libro 9580467552
035 ## - NÚMERO DE CONTROL DEL SISTEMA
Número de control de sistema UPN01000174931
049 ## - COLECCIÓN
Colección CG
050 #4 - SIGNATURA TOPOGRÁFICA DE LA BIBLIOTECA DEL CONGRESO
Número de clasificación PQ7499 M6.2
Número de documento/Ítem O2a 2002
100 1# - ASIENTO PRINCIPAL--NOMBRE PERSONAL
Nombre de persona Monterroso, Augusto,
Fechas asociadas al nombre 1921-2003
245 10 - MENCIÓN DE TÍTULO
Título Obras completas (y otros cuentos) /
Mención de responsabilidad, etc. Augusto Monterroso.
250 ## - MENCIÓN DE EDICIÓN
Mención de edición 2a ed.
260 ## - PUBLICACIÓN, DISTRIBUCIÓN, ETC.
Lugar de publicación, distribución, etc. México :
Nombre del editor, distribuidor, etc. Norma,
Fecha de publicación, distribución, etc. 2002 (2008 impr.).
300 ## - DESCRIPCIÓN FÍSICA
Extensión 94 p.
440 #0 - MENCIÓN DE SERIE/ASIENTO SECUNDARIO--TÍTULO
Título Cara y cruz
586 ## - NOTA DE PREMIOS
Nota de premios Premio "Juan Rulfo" 1996
586 ## - NOTA DE PREMIOS
Nota de premios Premio "Principe de Asturias de las Letras" 2000
501 ## - NOTA DE "CON"
Nota de “Con” Con: A propósito de Augusto Monterroso y su obra / comp. Italo Calvino
650 #4 - ASIENTO SECUNDARIO DE MATERIA - TERMINO TEMATICO
Término de materia o nombre geográfico como elemento de entrada Literatura guatemalteca
9 (RLIN) 13502
600 14 - ASIENTO SECUNDARIO DE MATERIA - NOMBRE PERSONAL
Nombre de persona MONTERROSO, AUGUSTO,
Fechas asociadas al nombre 1921-2003
700 1# - ASIENTO SECUNDARIO--NOMBRE DE PERSONAL
Nombre de persona Calvino, Italo,
Fechas asociadas al nombre 1923-1985
Término indicativo de función/relación comp.
740 0# - ASIENTO SECUNDARIO - TÍTULOS RELACIONADOS /ANALITICOS NO CONTROLADOS
Título relacionado o analítico no controlado A propósito de Augusto Monterroso y su obra
905 ## - TIPO DE MATERIAL
Tipo de material Libro
Holdings
Estado de retiro Estado de pérdida Fuente del sistema de clasificación o colocación Estado dañado No para préstamo Código de colección Localización permanente Ubicación/localización actual Ubicación en estantería Total de préstamos Clasificación Código de barras Fecha visto por última vez Número de copia Tipo de ítem Koha
    Library of Congress Classification     Colección General Bib. Gregorio Torres Quintero Bib. Gregorio Torres Quintero Planta baja 1 PQ7499 M6.2 O2a 2002 271919 31/12/2020 1 Libro
    Library of Congress Classification     Colección General Bib. Gregorio Torres Quintero Bib. Gregorio Torres Quintero Planta baja   PQ7499 M6.2 O2a 2002 271918 31/12/2020 1 Libro
    Library of Congress Classification     Colección General Bib. Gregorio Torres Quintero Bib. Gregorio Torres Quintero Planta baja   PQ7499 M6.2 O2a 2002 271920 31/12/2020 1 Libro